000 00368cam a22001217a 4500
008 180718b1943 xxu||||| |||| 00| 0 eng d
082 _aZx42 Ea77
100 _aEasterbrook, Laurence F.
245 _aBritish agriculture
_cby Laurence F. Easterbrook
260 _aLondon
_bLongmans Green
_c1943
300 _a48p
650 _aAgriculture --Economic aspects --Great Britain
999 _c430139
_d430139